| 000 | 00833nam a2200217 a 4500 | ||
|---|---|---|---|
| 001 | BRCA_577 | ||
| 005 | 20190320203054.0 | ||
| 008 | 141105s1990----sp-a---###---#000-0#spa-d | ||
| 020 | _a8474836069 | ||
| 050 | 4 |
_aN5230 _b.C85 1990 |
|
| 245 | 1 | 0 |
_aCulturas de oriente _bdonación Santos Munsuri. |
| 260 |
_aMadrid _bCAM ; Ministerio de cultura _c1990 |
||
| 300 |
_a150 p. _bil. (algunas a color) _c26 cm. |
||
| 500 | _aCatálogo de la exposición realizada en el Museo Nacional de Etnología (España), 1990 | ||
| 500 | _aIncluye glosario y tabla cronológica de la historia de China | ||
| 504 | _aBibliografía : p. 71-72 | ||
| 610 | 2 | 4 |
_aSantos Munsuri, Argimiro _xColecciones de arte _91991 |
| 650 | 1 | 4 |
_aArtes decorativas _xColecciones privadas _zChina y Japón _91992 |
| 710 | 2 |
_aMuseo Nacional de Etnología _91993 |
|
| 942 |
_2lcc _cB |
||
| 999 |
_c507 _d507 |
||